Biblioteca

Teología bíblica del Nuevo Testamento (Registro nro. 71074)

Detalles MARC
000 -LÍDER
Campo fijo de descripción fija 01481nam a2200385 i 4500
001 - NÚMERO DE CONTROL
Campo de control 768714001
003 - IDENTIFICADOR DEL NÚMERO DE CONTROL
Campo de control CO-MdFUSB
005 - FECHA Y HORA DE LA ULTIMA TRANSACCIÓN
control field 20260423155428.0
007 - CAMPO FIJO DE DESCRIPCIÓN FIJA--INFORMACIÓN GENERAL
Campo fijo de descripción fija ta
008 - ELEMENTOS DE LONGITUD FIJA -- INFORMACIÓN GENERAL
Campo fijo de descripción fija -- Información general 241009t1999 -us||||| |||| 001 0 spa d
020 ## - NÚMERO INTERNACIONAL NORMALIZADO PARA LIBROS
Número Internacional Normalizado del libro 0-8254-1637-X
040 ## - FUENTE DE CATALOGACIÓN
Idioma de catalogación spa.
Agencia de catalogación original CO-MdFUSB
Agencia que realiza la transcripción CO-MdFUSB
Agencia que realiza la modificación CO-MdFUSBC
Convenciones de la descripción rda
041 ## - CÓDIGO DE IDIOMA
Código de idioma para texto/pista de sonido o título separado spa
Código de idioma original eng
082 ## - NÚMERO DE CLASIFICACIÓN DECIMAL DEWEY
Número de la edición del Dewey 23
Número de clasificación 225.6
Clave de autor-Numero de item R995
100 ## - ASIENTO PRINCIPAL--NOMBRE PERSONAL
Nombre personal Ryrie, Charles Caldwell,
Término relacionador autor
240 ## - TITULO UNIFORME
Título uniforme <a href="Biblical Theology of the New Testament. ">Biblical Theology of the New Testament. </a>
245 0# - TÍTULO
Título del Material Teología bíblica del Nuevo Testamento
Mención de responsabilidad, etc. / Charles Caldwell Ryrie ; traducido por Elsa Ramirez , Evis Carballosa
264 #1 - PRODUCCIÓN, PUBLICACIÓN, DISTRIBUCIÓN, MANUFACTURA, Y COPYRIGHT
Lugar de producción, publicación, distribución, manufactura Grand Rapids, Michigan :
Nombre del productor, publicador, distribuidor Portavoz,
Fecha de producción, publicación, distribución, manufactura, o copyright [1999]
264 #4 - PRODUCCIÓN, PUBLICACIÓN, DISTRIBUCIÓN, MANUFACTURA, Y COPYRIGHT
Fecha de producción, publicación, distribución, manufactura, o copyright © 1999
300 ## - DESCRIPCIÓN FÍSICA
Extensión 364 páginas
Dimensiones ; 23 cm
336 ## - TIPO DE CONTENIDO
Fuente rdacontent
Término de tipo de contenido texto
Código de tipo de contenido txt
337 ## - TIPO DE MEDIO
Fuente rdamedia
Nombre del tipo de medio sin mediación
Código del tipo de medio n
338 ## - TIPO DE SOPORTE
Fuente rdacarrier
Nombre del tipo de soporte volumen
Código Tipo de soporte nc
500 ## - NOTA GENERAL
Nota General Incluye índice
505 ## - NOTA DE CONTENIDO
Nota de contenido con formato preestablecido La teología sinóptica. -- La teología de Hechos. -- La teología de Santiago. -- La teología de Pablo. -- La teología de Hebreos. -- La teología de Pedro y Judas. -- La teología de Juan.
563 ## - NOTA DE ENCUADERNACIÓN
Nota de encuadernación Rústica
653 ## - TÉRMINO DE INDIZACIÓN - NO CONTROLADO
Término no controlado Biblia. Nuevo Testamento — Teología
653 ## - TÉRMINO DE INDIZACIÓN - NO CONTROLADO
Término no controlado Teología bíblica — Nuevo Testamento
653 ## - TÉRMINO DE INDIZACIÓN - NO CONTROLADO
Término no controlado Nuevo Testamento — Doctrinas
653 ## - TÉRMINO DE INDIZACIÓN - NO CONTROLADO
Término no controlado Teología del Nuevo Testamento
700 ## - ASIENTO SECUNDARIO - NOMBRE PERSONAL
Nombre personal Ramírez de Aguilar, Elsa.
9 (RLIN) 6209
Responsabilidad traductor
700 ## - ASIENTO SECUNDARIO - NOMBRE PERSONAL
Nombre personal Carballosa, Evis
9 (RLIN) 10926
Responsabilidad traductor
942 ## - TIPO DE MATERIAL (KOHA)
Tipo de Item KOHA Libros General
945 ## - INFORMACIÓN LOCAL DEL REGISTRO
Catalogador Catherine Arias Alvarez
Existencias
Estado de Material Estado de Perdido Forma de Clasificación Volumen-Parte/Tomo Estado de Dañado No para Préstamo Colección Tomo Biblioteca de Origen Biblioteca Permanente Fecha de Adquisición Área Total de Préstamos Signatura Topográfica Código de Barras Última vez visto Ejemplar/Existencia Fecha de Remplazo Tipo de Material
    Dewey Decimal Classification       Colección General   Biblioteca FUSBC Biblioteca FUSBC 10/10/2024 BIBLIA   G 225.6 R995t 25159 09/10/2024 Ej. 1 09/10/2024 Libros General

Biblioteca FUSBC | Teléfono: (57+4) 349 88 10 Ext. 141| WhatsApp (+57) 3005338115 
E-mail: biblioteca@unisbc.edu.co | Calle 76 87-14 Robledo Palenque, Medellín, Colombia

Con tecnología Koha